| 000 | 00441nam a2200145Ia 4500 | ||
|---|---|---|---|
| 008 | 220726s9999||||xx |||||||||||||| ||und|| | ||
| 020 | _a9788195175062 | ||
| 082 |
_a610 _bKat/M |
||
| 100 | _aKatiyar, Prashant Kumar & Bairagi, Sriram | ||
| 245 | 0 | _aKatiyar-Medicine Chemistry- 1: For B. Pharm 2nd Year 4th Semester | |
| 250 | _a1st Edition | ||
| 260 |
_aNew Delhi _bIP Innovative Publication Pvt. Ltd. _c2021 |
||
| 300 | _a182 | ||
| 942 | _cPB | ||
| 999 |
_c37246 _d37246 |
||